000 00746nam a2200181Ia 4500
008 151018s9999 xx 000 0 und d
082 _bRBASDV13012
_a891.463
100 _aउषादेवी विजय कोल्हाटकर
245 _aएका मुकीची बोलकी कहाणी
250 _b1
260 _bसंजय प्रकाशन पुणे
_c1979
300 _a175
600 _aउषादेवी विजय कोल्हाटकर
630 _aएका मुकीची बोलकी कहाणी
700 _aउषादेवी विजय कोल्हाटकर
730 _aएका मुकीची बोलकी कहाणी
942 _cBOOK
999 _c1015249
_d1015246